कविता मनुष्यों के लिए (Record no. 2635)

MARC details
000 -LEADER
fixed length control field 01263 a2200253 4500
008 - FIXED-LENGTH DATA ELEMENTS--GENERAL INFORMATION
fixed length control field 090312t xxu||||| |||| 00| 0 hin d
010 ## - LCCN (DPL NO)
LC control number HIN-77649
020 ## - INTERNATIONAL STANDARD BOOK NUMBER
International Standard Book Number 8126312629
Terms of availability 100.00
035 ## - SYSTEM CONTROL NUMBER
System control number HN-50095
035 ## - SYSTEM CONTROL NUMBER
System control number B-317880
037 ## - SOURCE OF ACQUISITION
Source of stock number/acquisition D.B.Act / pub
082 ## - DEWEY DECIMAL CLASSIFICATION NUMBER
Classification number 821
100 ## - MAIN ENTRY--PERSONAL NAME
Personal name पाडगाँवकर, मंगेश
245 ## - TITLE STATEMENT
Title कविता मनुष्यों के लिए
Statement of responsibility, etc मंगेश पाडगाँवकर
246 ## - VARYING FORM OF TITLE
Title proper/short title Kavita manusya ka laya
Remainder of title Mangas Pangaykar
260 ## - PUBLICATION, DISTRIBUTION, ETC. (IMPRINT)
Place of publication, distribution, etc नई दिल्ली
Name of publisher, distributor, etc भारतीय ज्ञानपीठ
Date of publication, distribution, etc 2006
300 ## - PHYSICAL DESCRIPTION
Extent 120पृ
Dimensions 22 सेमी (सजिल्द)
490 ## - SERIES STATEMENT
Series statement (लोकोदय ग्रंथमालाःग्रंथांक 835)
650 ## - SUBJECT ADDED ENTRY--TOPICAL TERM
Topical term or geographic name as entry element हिन्दी कविताएँ
650 ## - SUBJECT ADDED ENTRY--TOPICAL TERM
Topical term or geographic name as entry element Hindi Poerty
942 ## - ADDED ENTRY ELEMENTS (KOHA)
Institution code [OBSOLETE] dpl
Item type Hindi Books
Call number prefix /
Source of classification or shelving scheme Dewey Decimal Classification
Classification part 821
Call number suffix पाडगाँ
Holdings
Withdrawn status Lost status Source of classification or shelving scheme Damaged status Not for loan Home library Current library Date acquired Total Checkouts Full call number Barcode Date last seen Cost, replacement price Koha item type Collection code Source of acquisition Cost, normal purchase price Copy number
    Dewey Decimal Classification     Andrews Gunj D.B.Act.Division     821 पाडगाँ HN-50095 15/09/2008 4.00 Hindi Books        
    Dewey Decimal Classification     Vinoba Puri Vinoba Puri 12/03/2009 4 821 पाडगाँ B-317880 16/09/2017 100.00 Hindi Books Non-fiction dbad / dup 100.00 1

© Delhi Public Library
Hit Counter
free hit counter